00000000nam##2200000za#4500
0019.616134
003CaOODSP
00520211126112847
007ta
008150406|2002||||xxc|||||     f|0| 0 eng|d
022 |a1192-5434
040 |aCaOODSP|beng
043 |an-cn---
0861 |aFB3-2/102-26E
1102 |aBank of Canada.
24510|aNominal rigidity, desired markup variations, and real exchange rate persistance / |cby Hafedh Bouakez.
260 |aOttawa - Ontario : |bBank of Canada |c2002.
300 |av, 33p. : |bgraphs, references, tables ; |c28 cm.
4901 |aWorking paper|x1192-5434|v2002-26
500 |a"This paper develops and estimates a dynamic general-equilibrium sticky-price model that accounts for real exchange rate persistance."--Abstract.
546 |aRésumés en français.
563 |aSoftcover
590 |a02-41|b2002-10-11
69007|aEconomic indicators|2gcpds
69007|aExchange rates|2gcpds
69007|aModelling|2gcpds
7201 |aDib, Ali
7760#|tNominal rigidity, desired markup variations, and real exchange rate persistence / |w(CaOODSP)9.571607
830#0|aWorking paper,|x1192-5434|v2002-26|w(CaOODSP)9.514622